वैवाहिक जीवन व ग्रहविचार (Record no. 1022294)

MARC details
000 -LEADER
fixed length control field 00716nam a2200181Ia 4500
008 - FIXED-LENGTH DATA ELEMENTS--GENERAL INFORMATION
fixed length control field 151018s9999 xx 000 0 und d
082 ## - DEWEY DECIMAL CLASSIFICATION NUMBER
Item number RBASDV22626
Classification number 306.8
100 ## - MAIN ENTRY--PERSONAL NAME
Personal name मधुसूदन घाणेकर
245 ## - TITLE STATEMENT
Title वैवाहिक जीवन व ग्रहविचार
250 ## - EDITION STATEMENT
Remainder of edition statement 1
260 ## - PUBLICATION, DISTRIBUTION, ETC. (IMPRINT)
Name of publisher, distributor, etc शब्दसन्मान प्रकाशन पुणे
Date of publication, distribution, etc 1990
300 ## - PHYSICAL DESCRIPTION
Extent 83
600 ## - SUBJECT ADDED ENTRY--PERSONAL NAME
Personal name मधुसूदन घाणेकर
630 ## - SUBJECT ADDED ENTRY--UNIFORM TITLE
Uniform title वैवाहिक जीवन व ग्रहविचार
700 ## - ADDED ENTRY--PERSONAL NAME
Personal name मधुसूदन घाणेकर
730 ## - ADDED ENTRY--UNIFORM TITLE
Uniform title वैवाहिक जीवन व ग्रहविचार
942 ## - ADDED ENTRY ELEMENTS (KOHA)
Koha item type Book
Holdings
Withdrawn status Lost status Damaged status Not for loan Home library Current library Date acquired Cost, normal purchase price Total Checkouts Full call number Barcode Date last seen Cost, replacement price Price effective from Koha item type
        R.B. Anant Shivaji Desai Vachanalaya and Granthalaya, Kudal R.B. Anant Shivaji Desai Vachanalaya and Granthalaya, Kudal 05/27/2009 21.00   RBASDV22626 RBASDV22626 10/18/2015 21.00 10/18/2015 Book